=LDR 00000nam 2200000 4500 =001 INLIS000000000021671 =005 20200311083512 =035 ##$$a 0010-061300000021671 =008 200311###########################0###### =041 ##$$a Ind =082 ##$$a 297.323 =090 ##$$a 297.323, Als z =100 ##$$a El-Sulthani, Mawardi Labay =245 1#$$a Zikir dan doa sihir dan tenung penipu ulung /$c Mawardi Labay El-Sulthani; Editor, Ahmad zubaidi =260 ##$$a 2002 :$b Jakarta =300 ##$$a ii, 207 hlm, 18 cm =650 #4$$a Zikir =850 ##$$a NBPNMAT =020 ##$$a 979-9402-26-3 =250 ##$$a Cet. 2 =990 ##$$a 30502993 =990 ##$$a 30502993 =990 ##$$a 18881888 =990 ##$$a 30502990 =990 ##$$a 30502993 =990 ##$$a 30502990 =990 ##$$a 30502993